|
|
|
|
| LEADER |
00000ny a22000003n 4500 |
| 005 |
2011051304564.0 |
| 006 |
sqr p s g 0 b0 |
| 007 |
cr cnu---m|a|a |
| 008 |
050404c19659999us q pf eng c |
| 010 |
|
|
|a 65009923
|
| 022 |
|
|
|a 0010-1923
|
| 035 |
|
|
|a 5112
|
| 040 |
|
|
|a SpMaUCDE
|d vLex
|
| 043 |
|
|
|a n-us-ny
|a n-us---
|
| 080 |
|
|
|a 351.83(73)(05)
|
| 090 |
|
|
|c 1890
|d 1890
|
| 245 |
0 |
0 |
|a Columbia journal of law and social problems
|h [Recurso electrn̤ico]
|
| 246 |
3 |
|
|a Columbia journal of law and social problems
|
| 256 |
|
|
|a Servicio en ln̕ea
|
| 260 |
|
|
|a New York:
|b School of Law, Columbia University
|
| 310 |
|
|
|a Trimestral
|
| 321 |
|
|
|a Otras periodicidades
|
| 506 |
1 |
|
|a Contenido solo disponible en los productos indicados
|d vLex Global
|d vLex Global (Academic Edition, excluding Law Schools)
|d vLex Global (U.S. Academic Edition, excluding Law Schools)
|
| 650 |
0 |
4 |
|a Derecho social
|z Estados Unidos
|x Legislacin̤
|x Publicaciones perid̤icas
|
| 710 |
2 |
|
|a Columbia University.
|b School of Law
|
| 740 |
|
|
|a vLex Revista (Servicios en ln̕ea)
|
| 843 |
|
|
|a Electrn̤ica. Abierta
|
| 853 |
|
|
|8 1
|i (year)
|j (month)
|k (day)
|
| 856 |
4 |
0 |
|u http://vlex.com/source/5112
|z Acceso restringido
|
| 942 |
|
|
|c REV
|
| 999 |
0 |
4 |
|a Derecho social
|z Estados Unidos
|v En ln̕ea
|
| 999 |
0 |
4 |
|a Social legislation
|z United States
|v On line
|